000 00490nam a2200181Ia 4500
001 18884
005 20260306171703.0
008 260306s9999||||xx |||||||||||||| ||und||
041 _aESP
082 _a658.54
_bC92M
100 _aCruelles ruíz, José Agustín
_eAUT
245 0 _aStocks, procesos y dirección de operaciones:
_bun manual práctico y fácil
260 _c2016
300 _axiv, 427 páginas :
_c24 cm.
650 _aGEN
654 _aCAN
942 _cLIB
_dJUS
_fJUS
_2ddc
_n
999 _c18884
_d18884